مكتبة جامعة عجلون الوطنية

فهرس بحث المكتبة

Normal view MARC view
  • الزعبي، محمد بلال وآخرون، م.مشارك احمد الشرايعة، م.مشارك منيب قطيشات، م.مشارك سهير عبدالله فارس، م.مشارك خالدة محمد صايل الزعبي

Entry Personal Name

Number of records used in: 1

001 - CONTROL NUMBER

  • control field: 61088

003 - CONTROL NUMBER IDENTIFIER

  • control field: JO-AjAnu

005 - DATE AND TIME OF LATEST TRANSACTION

  • control field: 20230606084001.0

008 - FIXED-LENGTH DATA ELEMENTS

  • fixed length control field: 230606|| aca||aabn | a|a d

040 ## - CATALOGING SOURCE

  • Original cataloging agency: JO-AjAnu
  • Transcribing agency: JO-AjAnu

100 ## - HEADING--PERSONAL NAME

  • Personal name: الزعبي، محمد بلال وآخرون، م.مشارك احمد الشرايعة، م.مشارك منيب قطيشات، م.مشارك سهير عبدالله فارس، م.مشارك خالدة محمد صايل الزعبي

670 ## - SOURCE DATA FOUND

  • Source citation: Work cat.: (JO-AjAnu)31159: الزعبي، محمد بلال وآخرون، م.مشارك احمد الشرايعة، م.مشارك منيب قطيشات، م.مشارك سهير عبدالله فارس، م.مشارك خالدة محمد صايل الزعبي, author, مهارات الحاسوب: (الحاسوب والبرمجيات الجاهزة)